000 00274nam a2200121Ia 4500
008 190216s9999||||xx |||||||||||||| ||und||
100 _aLerner & Baker
245 0 _aIntroduction To Business
260 _bNull
_c1976
300 _a262p
650 _aCommerce
942 _cBK
999 _c4507
_d4507